| 000 | 00689cam a22002537a 4500 | ||
|---|---|---|---|
| 003 | CHAP | ||
| 005 | 20220329134352.0 | ||
| 008 | 971013s r 00010 d | ||
| 010 | _a19462 | ||
| 011 | _a20434 | ||
| 035 | _a24522 | ||
| 040 | _cCHAP | ||
| 090 | _aFolleto 2172 | ||
| 110 |
_aAmerican Ramie Company _95273 |
||
| 245 | 1 | 2 | _aA compilation of factual information for growers of ramie |
| 260 |
_a(s.l. : _bs.e.), _c(s.a.) |
||
| 300 | _as.p. | ||
| 590 |
_aBATCH-UPD _b10 _c20130110 _lUCH01 _h1023 |
||
| 590 |
_aCONVERSION _b10 _c20130109 _lUCH01 _h1312 |
||
| 650 | 1 | 4 |
_aRamio. _993829 |
| 901 | _aBK | ||
| 942 | _cFOLL | ||
| 949 |
_aFolleto 2172 _bBC _cFOLL _d-56481 _eTS1 _i24522 _si |
||
| 999 |
_c19462 _d19462 |
||